000 00901nam a2200253Ia 4500
003 OSt
005 20220930070940.0
006 a|||||r|||| 00| 0
007 ta
008 220926b |||||||| |||| 00| 0 eng d
024 _a7728
037 _cTheses
040 _aCRL
_cCRL
_beng
041 _2eng
_aeng
100 _aVij Anita
_9527759
110 _aUniversity of Delhi. Faculty of Medical Sciences. Department of Anaesthesiology
_9519568
245 0 _aEvaluation of cryoanalgesia, intercostal nerve block with bupivacaine and conventional narcotic analgesics in the management of post-thoracotomy pain
260 _c1985
650 _aANESTHETICS
_9519569
700 _a Dr R S Saxena Supervisor
700 _aUniversity of Delhi. Faculty of Medical Sciences. Department of Anaesthesiology
_9519571
942 _cDIS
_2CC
999 _c861624
_d861624